Statistics for TWICE Songs

Click here to take the quiz!

General Stats

  • This quiz has been taken 1,398 times
    (799 since last reset)
  • The average score is 61 of 128

Answer Stats

Answer% Correct
Like OOH-AHH (Ooh-Ahh하게)
90%
YES or YES
88%
Alcohol-Free
86%
LIKEY
86%
SCIENTIST
86%
CHEER UP
85%
TT
85%
SET ME FREE
84%
The Feels
84%
Dance The Night Away
83%
I CAN'T STOP ME
83%
MOONLIGHT
83%
Talk That Talk
82%
FANCY
79%
KNOCK KNOCK
79%
Signal
78%
What is Love?
77%
Feel Special
76%
MOONLIGHT SUNRISE
76%
MORE & MORE
74%
Heart Shaker
72%
CANDY
70%
QUEEN
70%
CRY FOR ME
62%
HELLO
62%
Queen of Hearts
62%
Basics
61%
1, 3, 2
60%
WALLFLOWER
60%
ICON
56%
CACTUS (선인장)
55%
ESPRESSO
54%
PUSH & PULL
54%
When We Were Kids
54%
Merry & Happy
53%
The Best Thing I Ever Did (올해 제일 잘한 일)
53%
Baby Blue Love
52%
CRAZY STUPID LOVE
52%
Do It Again (다시 해줘)
52%
Gone
52%
Scandal
52%
GO HARD
51%
HO!
51%
Touchdown
51%
Brave
50%
F.I.L.A (Fall In Love Again)
50%
LAST WALTZ
50%
TURTLE (거북이)
50%
BLAME IT ON ME
49%
REWIND (알고 싶지 않아)
49%
UP NO MORE
49%
CRUEL
48%
First Time
47%
HELL IN HEAVEN
47%
Love Foolish
47%
ONE IN A MILLION
46%
FIREWORK
45%
OXYGEN
45%
Trouble
45%
Candy Boy
44%
Conversation
44%
Get Loud
44%
SOS
44%
STRAWBERRY
44%
Eye Eye Eyes
43%
GOT THE THRILLS
43%
HOT
43%
Ice Cream (녹아요)
43%
Like a Fool
43%
SAY SOMETHING
43%
SHOT CLOCK
43%
21:29
42%
BEHIND THE MASK
42%
GIRLS LIKE US
42%
REAL YOU
42%
BREAKTHROUGH
41%
JELLY JELLY
40%
Rainbow
40%
1 TO 10
38%
BDZ
38%
STUCK
38%
BELIEVER
37%
CHILLAX
37%
JALJAYO GOOD NIGHT (잘자요 굿나잇)
37%
ROLLIN'
37%
Truth
37%
24/7
36%
LALALA
36%
Precious Love (소중한 사랑)
36%
SWEET SUMMER DAY
36%
My Headphones On (Headphone 써)
35%
PONYTAIL
35%
Going Crazy (미쳤나봐)
34%
HANDLE IT
34%
Trick It
34%
BRING IT BACK
33%
MAKE ME GO
33%
SHADOW
33%
Sweet Talker
33%
TURN IT UP
33%
DEJAVU
32%
DO WHAT WE LIKE
32%
FFW
32%
SAY YES
32%
SUNSET
32%
Tuk Tok (툭하면 톡)
32%
Be as ONE
31%
DEPEND ON YOU
31%
LOOK AT ME (날 바라바라봐)
31%
NEXT PAGE
31%
STUCK IN MY HEAD
31%
AFTER MOON
30%
DON'T CALL ME AGAIN
30%
LOVE LINE
30%
PIT-A-PAT
30%
SAY YOU LOVE ME
30%
Three Times a Day (하루에 세번)
30%
Woohoo
30%
Someone Like Me
29%
MISSING U
28%
Shot thru the heart
28%
DING DONG
27%
YOUNG & WILD
27%
Hold Me Tight
26%
WOW
26%
Only You (Only 너)
25%
DON'T GIVE UP (힘내!)
24%
YOU IN MY HEART (널 내게 담아)
24%

Score Distribution

Percentile by Number Answered

Percent of People with Each Score

Your Score History

You have not taken this quiz since the last reset